000 00623nam a22001817a 4500
003 UA-OsUOA
001 18624
007 ta
008 20040526b un ||||| |||| 00| 0 ukr d
100 _aТарасенко О.
942 _cSA
040 _aUA-OsUOA
_cUA-OsUOA
_dUA-OsUOA
245 _a"Дзвіночки " відзвучали
_b[Сьомий міжнар. фест. дит. хор. співу "Весняні дзвіночки" у Рівному]
300 _aС.18
955 _a0
773 0 _w0
_tРівне вечірнє
_dРівне
_d2004
_g№34/14 трав./
650 7 _aКраєзнавча робота
_2UDC
999 _c304795
_d304795